header

Competitive engineering (Record no. 185434)

MARC details
000 -LEADER
fixed length control field 01416nam a2200349Ia 4500
082 04 - DEWEY DECIMAL CLASSIFICATION NUMBER
Classification number 620.00684
100 1# - MAIN ENTRY--AUTHOR NAME
Personal name Gilb, Tom.
245 10 - TITLE STATEMENT
Title Competitive engineering
260 ## - PUBLICATION, DISTRIBUTION, ETC. (IMPRINT)
Place of publication Oxford ;
-- Burlington, MA :
Name of publisher Butterworth-Heinemann,
Year of publication 2005.
300 ## - PHYSICAL DESCRIPTION
Number of Pages xxi, 474 p. :
Other physical details ill.
650 #0 - SUBJECT ADDED ENTRY--TOPICAL TERM
Topical Term Systems engineering
Topical Term Process control.
Topical Term Project management.
700 1# - ADDED ENTRY--PERSONAL NAME
Personal name Brodie, Lindsey.
856 40 - ELECTRONIC LOCATION AND ACCESS
Uniform Resource Identifier http://site.ebrary.com/lib/rucke/Doc?id=10138710

No items available.

© 2026 Rongo University
Contact us: librarian | system librarian | Rongo university